LEADER 01274nam0-22003971i-450- 001 990008101950403321 005 20090612124426.0 035 $a000810195 035 $aFED01000810195 035 $a(Aleph)000810195FED01 035 $a000810195 100 $a20050502e19661836km-y0itay50------ba 101 0 $agrc$alat 102 $aDE 105 $ay---n----00yy 200 1 $aLucianus$fex recensione Caroli Iacobitz$gaccedunt scholia auctiora et emendatiora 205 $aRist. anast 210 $aHildesheim$cOlms$d1966 215 $a4 v.$d21 cm 300 $aRist. anast. dell'ed.: Leipzig, 1836-1841 610 0 $aLuciano di Samosata$aOpere 676 $a887.01 700 0$aLucianus$f<120-ca. 180>$0159729 702 1$aIacobitz,$bKarl$f<1807-1875> 801 0$aIT$bUNINA$gRICA$2UNIMARC 901 $aBK 912 $a990008101950403321 952 $aP2B-610-LUCIAN.-200A (4)-1966$bIst.Fil.Cl.9786$fFLFBC 952 $aP2B-610-LUCIAN.-200A (1)-1966$bBibl. 40076$fFLFBC 952 $aP2B-610-LUCIAN.-200A (2)-1966$bBibl. 40076$fFLFBC 952 $aP2B-610-LUCIAN.-200A (3)-1966$bBibl. 40076$fFLFBC 952 $aP2B-610-LUCIAN.-200A (4BIS)-1966$bBibl. 40076$fNAP03 959 $aFLFBC 959 $aNAP03 996 $aLucianus$994699 997 $aUNINA